| 000 | 00778cam a2200229 4500 | ||
|---|---|---|---|
| 001 | ABS61325 | ||
| 008 | 000000n1999 000 0 eng u | ||
| 035 | _a(Sirsi) u100459 | ||
| 110 |
_aCitex Bucknell Austin _93778 |
||
| 245 | _aCost Study | ||
| 260 | _c1999 | ||
| 490 |
_aBuilding _v264(8106) 1 October 1999, 60-65(6) |
||
| 520 | _aCost study of a budget hotel built for a fixed price, using a special purpose vehicle company. The Holiday Inn Express at Wellingborough was able to start operating after thirty weeks on site. | ||
| 590 | _aABS | ||
| 650 | _aWELLINGBOROUGH | ||
| 650 | _aBUDGET HOTELS | ||
| 650 | _aCOST STUDY | ||
| 650 | _aBUILT ENVIRONMENT-BUILDING COSTS | ||
| 650 | _aCOST ANALYSIS | ||
| 690 | _aBUILT ENVIRONMENT-BUILDING COSTS | ||
| 942 | _n0 | ||
| 999 |
_c60100 _d60100 |
||